| 000 | 01022pab a2200181 454500 | ||
|---|---|---|---|
| 008 | 180718b2007 xxu||||| |||| 00| 0 eng d | ||
| 100 | _aTripathy, K.K. | ||
| 245 | _aMicro-finance and self-employment initiatives under SGSY: a review of intentions and realities | ||
| 260 | _c2007 | ||
| 300 | _ap.387-93. | ||
| 362 | _aJan-Mar | ||
| 520 | _aGovernment of India's Swarnjayanti Gram Swarozgar Yojana, a micro-finance driven holistic self-employment programme, seeks to create gainful employment opportunities for the rural poor. A field study undertaken in Orissa reveals that the beneficiaries of micro-credit assistance under the programme have been identified as per guidelines. It was found that the glaring flaws impeding success are the lack of co-ordination amongst field level agencies, the indifferent quality of the groups formed and arbitrary selection of economic activities. - Reproduced. | ||
| 650 | _aEmployment | ||
| 700 | _aTripathy, I.G. | ||
| 773 | _aProductivity | ||
| 908 | _aN | ||
| 909 | _a74213 | ||
| 999 |
_c74213 _d74213 |
||